000 00345nam a2200145 i 4500
001 bg
100 1 _aBELOUSOV, V. D.
245 0 _aAlgebraičeskie seti i kvazigruppy /
_cV.D. Belousov.
260 _aKišinew,
_c1971.
040 _cBPK
041 _apol
080 _a512.548:519.71
942 _cKS
008 s pl f |000 0 pol
999 _c9228
_d9228
856 _uhttp://koha.tu.koszalin.pl/cgi-bin/koha/opac-detail.pl?biblionumber=9228
_yKatalog online BPK